Rugby World Cup 1987-2015 Win Loss Records - Statistics

General Stats
  • This quiz has been taken 145 times
  • The average score is 15 of 25
Answer Stats
Years Games Played Wins Losses Draws Team % Correct
1987-2015 48 39 9 0 Australia
100%
1987-2015 50 44 6 0 New Zealand
100%
1987-2015 44 31 13 0 England
96%
1987-2015 48 33 14 1 France
96%
1987-2015 38 22 15 1 Scotland
92%
1987-2015 37 21 16 0 Wales
91%
1995-2015 36 30 6 0 South Africa
88%
1987-2015 37 19 18 0 Argentina
82%
1987-2015 35 21 14 0 Ireland
79%
1991-2015 28 12 16 0 Samoa
66%
1987-2015 29 7 20 2 Canada
59%
1987-2015 28 10 18 0 Fiji
57%
1987-2015 28 11 17 0 Italy
55%
1987-2015 28 4 22 2 Japan
42%
1987-2015 28 6 22 0 Romania
42%
1987-2015 25 7 18 0 Tonga
40%
1987-2015 25 3 22 0 United States
36%
2011 4 0 4 0 Russia
33%
2003-2015 16 4 12 0 Georgia
31%
1999-2015 19 0 19 0 Namibia
30%
2007 4 0 4 0 Portugal
30%
1999 3 0 3 0 Spain
30%
1987-1991 6 0 6 0 Zimbabwe
30%
1995 3 0 3 0 Ivory Coast
29%
1999-2015 11 2 9 0 Uruguay
26%
No matching quizzes found
Score Distribution
Percent of People with Each Score
Percentile by Number Answered
Your Score History
You have not taken this quiz